[Event "Guernsey op 37th"]
[Site "Guernsey"]
[Date "2011.10.18"]
[Round "3"]
[White "Coenen, Albert"]
[Black "Glover, John"]
[Result "1/2-1/2"]
[WhiteElo "1932"]
[BlackElo "1857"]
[PlyCount "37"]
[EventDate "2011.10.16"]
[EventType "swiss"]
[EventRounds "7"]
[EventCountry "GCI"]
[SourceTitle "EXT 2012"]
[Source "ChessBase"]
[SourceDate "2011.11.24"]
[SourceVersion "1"]
[SourceVersionDate "2011.11.24"]
[SourceQuality "1"]

1. d4 Nf6 2. c4 c5 3. d5 b5 4. a4 bxc4 5. Nc3 g6 6. e4 d6 7. f4 Bg7 8. Nf3 0-0 9. Bxc4 Na6 10. 0-0 Nb4 11. e5 dxe5 12. fxe5 Nd7 13. Be3 Nxe5 14. Nxe5 Bxe5 15. Bxc5 Bd6 16. Bxd6 Qxd6 17. Qe2 Ba6 18. Bxa6 Nxa6 19. Rad1 1/2-1/2

[Event "Calvi Balagne op 06th"]
[Site "Calvi"]
[Date "2009.05.03"]
[Round "9"]
[White "Coenen, Albert"]
[Black "Gertosio, Franck"]
[Result "0-1"]
[WhiteElo "1906"]
[BlackElo "2038"]
[PlyCount "50"]
[EventDate "2009.04.28"]
[EventType "swiss"]
[EventRounds "9"]
[EventCountry "FRA"]
[SourceTitle "CBM 130 Extra"]
[Source "ChessBase"]
[SourceDate "2009.07.02"]
[SourceVersion "2"]
[SourceVersionDate "2009.07.15"]
[SourceQuality "1"]

1. d4 Nf6 2. c4 g6 3. Nc3 d5 4. f3 c5 5. dxc5 d4 6. Nb5 Nc6 7. e3 e5 8. exd4 Nxd4 9. Bg5 Bxc5 10. Bxf6 Qxf6 11. Nc7+ Kd8 12. Nxa8 Qf4 13. a3 Qe3+ 14. Be2 Ke7 15. Qd3 Nc2+ 16. Qxc2 Rd8 17. Nh3 Bxh3 18. Rf1 Bxg2 19. Nc7 Bxf1 20. Nd5+ Rxd5 21. cxd5 Bg2 22. Rd1 Qf2+ 23. Kd2 Bxf3 24. Qd3 e4 25. d6+ Kd8 0-1

[Event "Calvi Balagne op 06th"]
[Site "Calvi"]
[Date "2009.04.29"]
[Round "2"]
[White "Starostits, Ilmars"]
[Black "Coenen, Albert"]
[Result "1-0"]
[WhiteElo "2464"]
[BlackElo "1906"]
[PlyCount "55"]
[EventDate "2009.04.28"]
[EventType "swiss"]
[EventRounds "9"]
[EventCountry "FRA"]
[SourceTitle "CBM 130 Extra"]
[Source "ChessBase"]
[SourceDate "2009.07.02"]
[SourceVersion "2"]
[SourceVersionDate "2009.07.15"]
[SourceQuality "1"]

1. e4 Nf6 2. e5 Nd5 3. d4 d6 4. Nf3 dxe5 5. Nxe5 g6 6. c4 Nb6 7. Nc3 Bg7 8. Be3 c6 9. Be2 0-0 10. h4 N8d7 11. f4 Nxe5 12. dxe5 Qxd1+ 13. Rxd1 Be6 14. b3 Nd7 15. g4 f6 16. Nd5 Bxd5 17. cxd5 cxd5 18. e6 Nb6 19. f5 Rfd8 20. h5 gxf5 21. gxf5 d4 22. Bxd4 Bh6 23. Bf3 Nd5 24. Bc5 Rac8 25. Ba3 Nc3 26. Rxd8+ Rxd8 27. Bxe7 Rd3 28. Rg1+ 1-0

[Event "Guernsey op 34th"]
[Site "Guernsey"]
[Date "2008.10.21"]
[Round "3"]
[White "Coenen, Albert"]
[Black "Von Saldern, Ruediger"]
[Result "1/2-1/2"]
[WhiteElo "1918"]
[BlackElo "2057"]
[PlyCount "70"]
[EventDate "2008.10.19"]
[EventType "swiss"]
[EventRounds "7"]
[EventCountry "GCI"]
[SourceTitle "EXT 2009"]
[Source "ChessBase"]
[SourceDate "2008.11.26"]
[SourceVersion "1"]
[SourceVersionDate "2008.11.26"]
[SourceQuality "1"]

1. d4 d5 2. c4 e6 3. Nc3 Nf6 4. cxd5 exd5 5. Bg5 Be7 6. e3 0-0 7. Qc2 h6 8. Bh4 c6 9. Bd3 Re8 10. Nf3 Ne4 11. Bxe7 Qxe7 12. 0-0 Bf5 13. Rfe1 Nd7 14. Nd2 Bh7 15. f3 Nef6 16. e4 dxe4 17. fxe4 Nf8 18. e5 Bxd3 19. Qxd3 Nd5 20. Nde4 Red8 21. Nd6 Rxd6 22. exd6 Qxd6 23. Nxd5 Qxd5 24. Re5 Qd6 25. Qe4 Ne6 26. d5 cxd5 27. Rxd5 Qb6+ 28. Kh1 Qxb2 29. Qb1 Qf6 30. Qf1 Qe7 31. Rad1 Nc5 32. Qf3 Rf8 33. Qa3 b6 34. Rd7 Qe2 35. R7d2 Qe7 1/2-1/2

[Event "Guernsey op 34th"]
[Site "Guernsey"]
[Date "2008.10.19"]
[Round "1"]
[White "Coenen, Albert"]
[Black "Vickery, Jim"]
[Result "1/2-1/2"]
[WhiteElo "1918"]
[BlackElo "2113"]
[PlyCount "36"]
[EventDate "2008.10.19"]
[EventType "swiss"]
[EventRounds "7"]
[EventCountry "GCI"]
[SourceTitle "EXT 2009"]
[Source "ChessBase"]
[SourceDate "2008.11.26"]
[SourceVersion "1"]
[SourceVersionDate "2008.11.26"]
[SourceQuality "1"]

1. d4 Nf6 2. c4 d6 3. Nc3 e5 4. dxe5 dxe5 5. Qxd8+ Kxd8 6. Bg5 c6 7. Nf3 Nbd7 8. Bxf6+ gxf6 9. 0-0-0 Kc7 10. e3 a5 11. Bd3 Nc5 12. Bc2 Be6 13. b3 Bg4 14. h3 Bh5 15. g4 Bg6 16. Bxg6 fxg6 17. Kc2 Be7 18. Rd2 Rhd8 1/2-1/2

[Event "Geraardsbergen op"]
[Site "Geraardsbergen"]
[Date "2003.08.16"]
[Round "6"]
[White "Schuermans, Robert"]
[Black "Coenen, Albert"]
[Result "1-0"]
[WhiteElo "2263"]
[BlackElo "1907"]
[PlyCount "49"]
[EventDate "2003.08.??"]
[EventType "swiss"]
[EventRounds "7"]
[EventCountry "BEL"]
[SourceTitle "EXT 2005"]
[Source "ChessBase"]
[SourceDate "2004.11.15"]
[SourceVersion "1"]
[SourceVersionDate "2004.11.15"]
[SourceQuality "1"]

1. e4 Nf6 2. e5 Nd5 3. c4 Nb6 4. c5 Nd5 5. Nc3 e6 6. d4 d6 7. cxd6 cxd6 8. Nf3 Nxc3 9. bxc3 dxe5 10. Nxe5 Bd6 11. Bb5+ Bd7 12. Nxd7 Nxd7 13. Qg4 Qa5 14. Bxd7+ Kxd7 15. Qf3 Rac8 16. Qxf7+ Be7 17. 0-0 Rcf8 18. Qxg7 Rhg8 19. Qe5 Qxc3 20. Be3 Qc6 21. d5 exd5 22. Rfd1 Bd6 23. Rxd5 Kc7 24. Qd4 b6 25. Rc1 1-0

[Event "Geraardsbergen op"]
[Site "Geraardsbergen"]
[Date "2003.08.15"]
[Round "1"]
[White "Coenen, Albert"]
[Black "De Clercq, Geert"]
[Result "1-0"]
[WhiteElo "1907"]
[BlackElo "1374"]
[PlyCount "49"]
[EventDate "2003.08.??"]
[EventType "swiss"]
[EventRounds "7"]
[EventCountry "BEL"]
[SourceTitle "EXT 2005"]
[Source "ChessBase"]
[SourceDate "2004.11.15"]
[SourceVersion "1"]
[SourceVersionDate "2004.11.15"]
[SourceQuality "1"]

1. d4 d5 2. c4 dxc4 3. e4 e6 4. Bxc4 Ne7 5. Nf3 g6 6. Nc3 a6 7. a4 Bg7 8. Bf4 0-0 9. 0-0 Nbc6 10. d5 exd5 11. exd5 Nb4 12. d6 cxd6 13. Qxd6 Qxd6 14. Bxd6 Nbc6 15. Nd5 Nxd5 16. Bxf8 Kxf8 17. Bxd5 Nb4 18. Bc4 Bf5 19. Rad1 Bxb2 20. Nh4 Bc2 21. Rd7 Ke8 22. Rxb7 a5 23. Re1+ Kd8 24. Bb5 Kc8 25. Rxf7 1-0

[Event "Geraardsbergen op"]
[Site "Geraardsbergen"]
[Date "2003.08.15"]
[Round "4"]
[White "Van Leeuwen, Jan Matthijs"]
[Black "Coenen, Albert"]
[Result "0-1"]
[WhiteElo "1619"]
[BlackElo "1907"]
[PlyCount "105"]
[EventDate "2003.08.??"]
[EventType "swiss"]
[EventRounds "7"]
[EventCountry "BEL"]
[SourceTitle "EXT 2005"]
[Source "ChessBase"]
[SourceDate "2004.11.15"]
[SourceVersion "1"]
[SourceVersionDate "2004.11.15"]
[SourceQuality "1"]

1. d4 d5 2. Nf3 c5 3. dxc5 Nc6 4. e3 e5 5. Bb5 f6 6. c3 Bg4 7. h3 Bxf3 8. Qxf3 Bxc5 9. b4 Bb6 10. Qg4 Kf7 11. 0-0 h5 12. Qe2 Nge7 13. Nd2 e4 14. Bb2 a6 15. Bxc6 Nxc6 16. Rad1 Qe7 17. a3 Ne5 18. c4 Nd3 19. Bd4 Bxd4 20. exd4 Nf4 21. Qe3 g5 22. cxd5 f5 23. Nc4 Nxd5 24. Ne5+ Kg7 25. Qb3 Nf4 26. f3 Ne2+ 27. Kh2 Nxd4 28. Qd5 Rad8 29. Qc5 Qxc5 30. bxc5 e3 31. Rb1 Kf6 32. Nc4 f4 33. Rb6+ Ne6 34. Re1 Rd5 35. Nd6 Rb8 36. Ne4+ Ke7 37. c6 Rb5 38. Rb1 Rxb1 39. Rxb1 b6 40. Rc1 Rc8 41. Kg1 Nd4 42. Kf1 Rxc6 43. Rxc6 Nxc6 44. Nxg5 Nd4 45. g4 fxg3 46. Ne4 h4 47. Nc3 Ke6 48. f4 b5 49. Ne4 Kf5 50. Nd6+ Kxf4 51. Nf7 e2+ 52. Ke1 g2 53. Kf2 0-1

[Event "LiSB-ch"]
[Site "Heerlen"]
[Date "1999.11.27"]
[Round "5"]
[White "Coenen, Albert"]
[Black "Peeters, Geert"]
[Result "1-0"]
[WhiteElo "1909"]
[BlackElo "2034"]
[PlyCount "103"]
[EventDate "1999.11.20"]
[EventType "swiss"]
[EventRounds "7"]
[EventCountry "NED"]
[SourceTitle "EXT 2002"]
[Source "ChessBase"]
[SourceDate "2001.11.25"]
[SourceVersion "1"]
[SourceVersionDate "2001.11.25"]
[SourceQuality "1"]

1. d4 Nf6 2. c4 g6 3. Nc3 Bg7 4. e4 d6 5. f4 0-0 6. Nf3 c5 7. d5 e6 8. Be2 exd5 9. cxd5 Bg4 10. 0-0 Re8 11. h3 Bxf3 12. Bxf3 Nbd7 13. Re1 Qa5 14. a4 c4 15. Be3 Nc5 16. e5 dxe5 17. fxe5 Rxe5 18. Qd4 Nd3 19. b4 Qxb4 20. Reb1 Qe7 21. d6 Qe8 22. Bd2 Qe6 23. Rxb7 Nh5 24. Rf1 Re2 25. Qd5 Rxd2 26. Re7 Qxd5 27. Bxd5 Rf8 28. Ne4 Bd4+ 29. Kh2 Rb2 30. Bxc4 Ndf4 31. d7 Rxg2+ 32. Kh1 Rb2 33. Rxf7 Rd8 34. R7xf4+ Kg7 35. Rf7+ Kh6 36. Rd1 Bb6 37. Re7 Rc2 38. Bd3 Rc7 39. Bb5 Rc2 40. Bd3 Rc7 41. Be2 Nf4 42. Bg4 Rc2 43. Nd6 Kg5 44. Nf7+ Kh4 45. Rb1 Kg3 46. Rb3+ Kh4 47. Re1 Bf2 48. Rf1 Bg3 49. Rxg3 Kxg3 50. Rg1+ Kh4 51. Nxd8 h5 52. Ne6 1-0

[Event "LiSB-ch"]
[Site "Heerlen"]
[Date "1999.11.21"]
[Round "4"]
[White "Peek, Maurice"]
[Black "Coenen, Albert"]
[Result "1-0"]
[WhiteElo "2313"]
[BlackElo "1909"]
[PlyCount "79"]
[EventDate "1999.11.20"]
[EventType "swiss"]
[EventRounds "7"]
[EventCountry "NED"]
[SourceTitle "EXT 2001"]
[Source "ChessBase"]
[SourceDate "2000.11.22"]
[SourceVersion "1"]
[SourceVersionDate "2000.11.22"]
[SourceQuality "1"]

1. d4 d5 2. c4 dxc4 3. Nf3 Nf6 4. Qa4+ Nc6 5. Qxc4 Qd5 6. Qxd5 Nxd5 7. e4 Ndb4 8. Kd2 f5 9. e5 Be6 10. a3 Na2 11. Bb5 g6 12. Kc2 Nxc1 13. Rxc1 Bh6 14. Rd1 0-0-0 15. Nc3 Nb8 16. d5 Bd7 17. e6 Be8 18. Bxe8 Rdxe8 19. Ne5 Bg7 20. Nf7 Bxc3 21. Kxc3 Rhf8 22. Rac1 b6 23. b4 Kb7 24. Kd4 Na6 25. Rd3 Rg8 26. Rh3 Rg7 27. Rf3 Rgg8 28. Rcc3 Rg7 29. Rf4 Rgg8 30. Ne5 Rg7 31. Rh3 h5 32. Rg3 Reg8 33. Rg5 Nb8 34. b5 a6 35. a4 axb5 36. axb5 Kc8 37. h4 Kb7 38. Rf3 Rf8 39. Rxg6 Rxg6 40. Nxg6 1-0